Information technology and development : a new paradigm for delivering the internet to rural areas in developing countries

Αποθηκεύτηκε σε:
Λεπτομέρειες βιβλιογραφικής εγγραφής
Κύριος συγγραφέας: James, Jeffrey
Μορφή: Βιβλίο
Γλώσσα:English
Δημοσίευση: London ; New York : Routledge, 2004
Θέματα:
Ετικέτες: Προσθήκη ετικέτας
Δεν υπάρχουν, Καταχωρήστε ετικέτα πρώτοι!

MARC

LEADER 00000nam a2200000 i 4500
001 1/73867
008 050321s2004 eng d
020 |a 0-415-32632-X (hbk.) 
035 |l 10077211 
040 |a GR-MY-UA  |b gre  |e aacr 
041 0 |a eng 
082 0 |a 384.33091734  |2 (21) 
100 1 |a James, Jeffrey. 
245 1 0 |a Information technology and development :  |b a new paradigm for delivering the internet to rural areas in developing countries /  |c Jeffrey James 
260 |a London ; New York :   |b Routledge,   |c 2004 
300 |a xv, 125 σ.;  |b εικ.;  |c 23 εκ. 
504 |a Περιλαμβάνει βιβλιογραφία και ευρετήριο 
650 0 0 |a Information technology  |x Economic aspects  |z Developing countries. 
650 0 0 |a Internet  |x Economic aspects  |z Developing countries. 
650 0 0 |a Telecommunication  |x Economic aspects  |z Developing countries. 
650 0 0 |a Rural development  |z Developing countries. 
651 0 |a Developing countries  |x Economic conditions. 
852 |a INST  |b CHIOS  |e 20050321  |h 384.33091734 JAM  |p 005200025326  |q 005200025326  |t BK  |y 0 
901 |a BIBL2-2005-1 
909 |a Χ  |b 116406 
922 |a 2ΕΛΗ  |b 200410  |c ΤΔΕ  |d ΜΙΧΑΛΟΠΟΥΛΟΣ 
950 |a 112-2004-09-16 
970 |a ΣΠΕΝΤΖΑ  |b ΕΛΕΝΗ  |z 2005/03/30